| 000 | 04872nam a22004575i 4500 | ||
|---|---|---|---|
| 001 | 978-3-031-27212-7 | ||
| 003 | DE-He213 | ||
| 005 | 20250131131501.0 | ||
| 007 | cr nn 008mamaa | ||
| 008 | 230430s2023 sz | s |||| 0|eng d | ||
| 020 |
_a9783031272127 _9978-3-031-27212-7 |
||
| 024 | 7 |
_a10.1007/978-3-031-27212-7 _2doi |
|
| 040 |
_aKO _beng |
||
| 041 | 0 | _aeng | |
| 082 | 0 | 4 |
_a330.9 _223 |
| 245 | 1 | 4 |
_aThe Transformation of Maritime Professions _h[electronic resource] : _bOld and New Jobs in European Shipping Industries, 1850-2000 / _cedited by Karel Davids, Joost Schokkenbroek. |
| 250 | _a1st ed. 2023. | ||
| 264 | 1 |
_aCham : _bSpringer International Publishing : _bImprint: Palgrave Macmillan, _c2023. |
|
| 300 |
_aXVIII, 288 p. 21 illus., 10 illus. in color. _bonline resource. |
||
| 338 | _aonline resource | ||
| 490 | 1 |
_aPalgrave Studies in Economic History, _x2662-6500 |
|
| 505 | 0 | _aChapter 1: Introduction -- Part I: Changes in maritime labour: Institutional, technological and spatial contexts -- Chapter 2: The human element in power-driven merchant ship propulsion since 1850: The British case -- Chapter 3: Technological change, institutions, and maritime labour: International reforms and their reception in Sweden and Finland, c.1850-1939 -- Chapter 4: Changes in maritime labour in Greece during the transition from sail to steam, c. 1850-1917 -- Chapter 5: Seamen in the city. Origins, residence and standard of living of Le Havre seamen from c. 1800 to the First Wold War -- Chapter 6: Reading shipboard space: the plans of ships serving the Netherlands East Indies, c.1850-1914 -- Part II: Case studies of old maritime jobs -- Chapter 7: Reconfiguring authority at sea: Steamships and their captains in a Danish context, c.1850-1950 -- Chapter 8: Feeding the fleet: Cooks in the Belgian merchant marine, c.1850-1930 -- Part III: Case studies of new maritime jobs -- Chapter 9: Elbowing their way: Engineers in the Spanish merchant marine, c.1850-1950 -- Chapter 10: From the captain's tiger to the chief steward. Career patterns of the catering personnel on British passenger liners, 1860-1938 -- Chapter 11: Surfing the waves. The rise and decline of radio operators in the Dutch mercantile marine in the twentieth century -- Chapter 12: Conclusion. | |
| 520 | _aThis book deals with the economic impact of technological changes and the rise of passenger shipping on social relations on board and ashore in European shipping industries between c.1850 and 2000. The changes in motive power, communication techniques and positioning technologies and the rise of passenger shipping went together with the creation of new tasks and functions and the marginalization or disappearance of traditional jobs and skills. This book presents case-studies on changes in different maritime professions between the middle of the nineteenth century and the end of the twentieth century, covering the shipping industries of a variety of seafaring countries in Europe. The subjects include changes in maritime labour at large, changes in specific groups of deck, catering or engine room personnel, such as captains, cooks, catering personnel, engineers, or radio-operators. A number of chapters employ a prosopographical or micro-historical approach, while others applya spatial perspective, analyze business records, materials from professional associations or distil information from large sets of quantitative data. This book will be of interest to academics and students of economic history, maritime and labour history. Karel Davids is Professor Emeritus of Economic and Social History at the Vrije Universiteit Amsterdam, the Netherlands. He has published and taught on economic and social history, maritime history, the history of technology and global history. Joost Schokkenbroek has been Executive Director of the Vancouver Maritime Museum since July 2017. Prior to this he was affiliated with The Kendall Whaling Museum in the USA (1988-1990) and Het Scheepvaartmuseum (The Dutch National Maritime Museum) in Amsterdam (1991-2017), where he worked as Chief Curator, in combination with a Professorship of Maritime History and Maritime Heritage at Vrije Universiteit in Amsterdam. . | ||
| 650 | 0 | _aEconomic history. | |
| 650 | 0 | _aShipping. | |
| 650 | 0 | _aLabor economics. | |
| 650 | 0 | _aLabor. | |
| 650 | 0 | _aHistory. | |
| 650 | 1 | 4 | _aEconomic History. |
| 650 | 2 | 4 | _aMaritime Economics. |
| 650 | 2 | 4 | _aLabor Economics. |
| 650 | 2 | 4 | _aLabor History. |
| 700 | 1 |
_aDavids, Karel. _eeditor. _4edt _4http://id.loc.gov/vocabulary/relators/edt |
|
| 700 | 1 |
_aSchokkenbroek, Joost. _eeditor. _4edt _4http://id.loc.gov/vocabulary/relators/edt |
|
| 830 | 0 |
_aPalgrave Studies in Economic History, _x2662-6500 |
|
| 856 | 4 | 0 | _uhttps://doi.org/10.1007/978-3-031-27212-7 |
| 904 | _aRUDRA_R | ||
| 905 | _aR_RANJAN | ||
| 942 |
_2ddc _cEB |
||
| 999 |
_c3198 _d3198 |
||